| 000 | 00640nam a2200205 i 4500 | ||
|---|---|---|---|
| 001 | 84339 | ||
| 003 | ES-MaACL | ||
| 005 | 20250926063052.0 | ||
| 007 | t| | ||
| 008 | 041122s1913 fr ||||1| fre d | ||
| 100 | 1 |
_aJames, William, _d1842-1910 _965978 |
|
| 245 | 1 | 2 |
_aL'idée de vérité / _cpar William James ; traduit de l'anglais par L. Veil et Maxime David. |
| 260 |
_aParis : _bFélix Alcan, _c1913 ( _eEvreux : _fCh. Hérissey) |
||
| 300 |
_aXV, 258 p. ; _c22 cm. |
||
| 650 | 0 | 4 |
_aVerdad. _917765 |
| 700 | 1 |
_aVeil, L. _9113662 |
|
| 700 | 1 |
_aDavid, Maxime. _942880 |
|
| 852 |
_aES-MaACL _jB-6611 |
||
| 999 |
_c84339 _d84339 |
||